000 00635cab a2200193 4500
001 ABS42587
008 090401t1990 xxu||||| |||| 00| 0 eng d
035 _a(Sirsi) u37714
041 _aeng
100 _aEvans, P.
245 _aProperty research: into the 1990s
260 _c1990
350 _a0
490 _aEstates Gazette
_v(9016) 21 April 1990, 20-31(3)
520 _aSuggests reasons for the greater emphasis in the last few years on property research and describes how research is conducted, evaluated and used.
690 _aMANAGEMENT-BUSINESS MANAGEMENT-PROFESSIONAL PRACTICE
942 _n0
948 _c04/03/1997
999 _c24300
_d24300